Loading...
| Art - Painting/Sculpture | 0 | 1 | 0 | 0 | 10 | 153 | 153.00 | 0 | 0 |
| Religion - Hinduism | 0 | 1 | 0 | 1 | 10 | 137 | 137.00 | 0 | 0 |
| Science - Chemistry | 0 | 1 | 0 | 1 | 10 | 143 | 143.00 | 0 | 0 |
| Literature - European poetry | 0 | 1 | 0 | 0 | 10 | 93 | 93.00 | 0 | 0 |
| Art - Music/Opera | 0 | 0 | 0 | 0 | 0 | 0.00 | 0 | 0 | |
| Art - Visual | 0 | 0 | 0 | 0 | 0 | 0.00 | 0 | 0 | |
| Geography - Oceania/Pacific | 0 | 0 | 0 | 0 | 0 | 0.00 | 0 | 0 | |
| History - Other | 0 | 0 | 0 | 0 | 0 | 0.00 | 0 | 0 | |
| Mythology - Mixed/Any | 0 | 0 | 0 | 0 | 0 | 0.00 | 0 | 0 | |
| Religion - Mixed/Any | 0 | 0 | 0 | 0 | 0 | 0.00 | 0 | 0 | |
| Science - Other | 0 | 0 | 0 | 0 | 0 | 0.00 | 0 | 0 | |
| History - American | 0 | 0 | 1 | 0 | -5 | 0.00 | 0 | 0 | |
| History - World | 0 | 0 | 1 | 0 | -5 | 0.00 | 0 | 0 | |
| Current Events/Modern World - Rest of world social | 0 | 0 | 1 | 0 | -5 | 0.00 | 0 | 0 | |
| Philosophy - 20th century | 0 | 0 | 1 | 0 | -5 | 0.00 | 0 | 0 |